A place In the country (Record no. 1229227)

MARC details
000 -LEADER
fixed length control field 00468nam a2200193Ia 4500
008 - FIXED-LENGTH DATA ELEMENTS--GENERAL INFORMATION
fixed length control field 151121s9999||||xx |||||||||||||| ||und||
082 ## - DEWEY DECIMAL CLASSIFICATION NUMBER
Classification number 823/Gai
082 ## - DEWEY DECIMAL CLASSIFICATION NUMBER
Item number HNW-38372
100 ## - MAIN ENTRY--PERSONAL NAME
Personal name Gainham Sarah
245 #2 - TITLE STATEMENT
Title A place In the country
260 ## - PUBLICATION, DISTRIBUTION, ETC. (IMPRINT)
Name of publisher, distributor, etc "Weiden feld , London"
260 ## - PUBLICATION, DISTRIBUTION, ETC. (IMPRINT)
Date of publication, distribution, etc --
300 ## - PHYSICAL DESCRIPTION
Extent 366
600 ## - SUBJECT ADDED ENTRY--PERSONAL NAME
Personal name Gainham Sarah
630 ## - SUBJECT ADDED ENTRY--UNIFORM TITLE
Uniform title A place In the country
700 ## - ADDED ENTRY--PERSONAL NAME
Personal name Gainham Sarah
730 ## - ADDED ENTRY--UNIFORM TITLE
Uniform title A place In the country
942 ## - ADDED ENTRY ELEMENTS (KOHA)
Koha item type Book
Holdings
Withdrawn status Lost status Damaged status Not for loan Home library Current library Date acquired Cost, normal purchase price Total Checkouts Full call number Barcode Date last seen Cost, replacement price Price effective from Koha item type
        Hirachand Nemchand Wachanalaya, Solapur Hirachand Nemchand Wachanalaya, Solapur 11/21/2015 0.00   HNW-38372 HNW-38372 11/21/2015 0.00 11/21/2015 Book